000 00293cam a22000977a 4500
008 180718b1986 xxu||||| |||| 00| 0 eng d
082 _aB1096 In7 4
245 _aXI World Congress of Sociology
260 _aNew Delhi
_bInstitute of Social Sciences
_c1986
500 _aXI World Congress of Sociology
999 _c440828
_d440828